Geography Quiz

Random Geography or City Quiz
Score 0/8 Timer 03:00
0 Plays Today
% Correct
Vienna
91.2%
Barcelona
90.2%
Stockholm
87.3%
London
86%
Oslo
81.7%
Bergen
80.9%
Malmö
80%
Geneva
67.5%
Remove Ads.
Support Sporcle.
Get the best of Sporcle when you Go Orange. This ad-free experience offers more features, more stats, and more fun while also helping to support Sporcle. Thank you for becoming a member.

You're not logged in!

Compare scores with friends on all Sporcle quizzes.
OR
Log In

Show Comments

Extras

Top Quizzes Today


Score Distribution

Your Account Isn't Verified!

In order to create a playlist on Sporcle, you need to verify the email address you used during registration. Go to your Sporcle Settings to finish the process.

Report this User

Report this user for behavior that violates our Community Guidelines.

Details: